Представление документа в формате RUSMARC

ПолеНазваниеЗначение
  Тип записи a
  Библиографический уровень m
001 Контрольный номер RU/SLIB/B/208755437
005 Дата корректировки 20241128102028.4
010 Индекс ISBN __
d Цена 200-00; 1-30
100 Данные общей обработки __
a Данные общей обработки 20241128d1988 ma y0rusy028902 ca
101 Язык документа 0_
a Язык текста rus
102 Страна публикации __
a Страна публикации RU
105 Кодированные данные (монография) __
a Кодированные данные (монография) a z 000yy
181 Поле кодированных данных: вид содержания _0
a Код вида содержания (ISBD) i
182 Поле кодированных данных: тип средства _0
a Код типа средства (ISBD) n
200 Заглавие и сведения об ответственности 0_
a Заглавие Музыка в потоке времени
f Первые сведения об ответственности В. С. Уколов, Рыбакина Е. Л.
b Общее обозначение материала Текст
210 Выходные данные 1_
a Место издания М.
c Издательство Молодая гвардия
d Дата издания 1988
215 Физическое описание __
a Объем 320 с.
c Иллюстрации/тип воспроизводства ил.
606 Тематические рубрики __
a Основная рубрика Музыка и зрелищные искусства
2 Код системы nlr_sh
606 Тематические рубрики __
a Основная рубрика Музыка в целом
2 Код системы nlr_sh
610 Ключевые слова 0_
a Ключевые слова современная музыка; популярная музыка; советская музыка; музыкальные произведения; музыкальная культура
686 Индексы других классификаций __
a Классификационный индекс 85.31; ст85.31
2 Код системы rubbks
700 Автор _1
a Фамилия Уколов
b Имя В. С.
4 Код отношения 070
f Даты 1938-2014
g Полное личное имя Валерий Степанович
701 Альтернативная интеллектуальная ответственность _1
a Фамилия Рыбакина
b Имя Е. Л.
g Полное личное имя Елена Лукинична
4 Код отношения 070
801 Источник записи _0
a Страна RU
b Организация Муниципальное бюджетное учреждение культуры "Централизованная библиотечная система" г. Сургут (Центральная городская библиотека им. А. С. Пушкина)
g Правила каталогизации PSBO
801 Источник записи _1
a Страна RU
b Организация Муниципальное бюджетное учреждение культуры "Централизованная библиотечная система" г. Сургут (Центральная городская библиотека им. А. С. Пушкина)
g Правила каталогизации PSBO
852 Данные о местонахождении __
j Шифр хранения 85.31
c Каталожный индекс 85.31
i Авторский знак У 44
p Инвентарный номер 54484, 32733
901 Тип документа __
t Тип документа m
a Ответственный КиК/Уланова
901 Тип документа __
a Ответственный СКБР2024
903 Характеристики (МАРС) __
c Наименование библиотеки (МАРС) Муниципальное бюджетное учреждение культуры "Централизованная библиотечная система" г. Сургут (Центральная городская библиотека им. А. С. Пушкина)
990 Данные о заказе (DOS) __
j Количество экземпляров (DOS) 2
t N записи в КСУ для И/У (DOS) 199501